Obálka Náhled e-knihy:
PDF Epub
Pro půjčování e-knih musíte být přihlášeni.
Jak si půjčit online?

Stopy /

Jak by dopadlo setkání lidstva s jinou civilizací? Může virtuální realita nahradit skutečnou? Návštěva léty opuštěného domu se může stát hororovým zážitkem, v němž jde o život. Existuje spojení s jinými světy? Jak bychom si vedli, kdybychom se v čase vrátili o mnoho let zpět? Jak se dá přežít v post...

Celý popis

Uloženo v:
Hlavní autor: Kučera, Dalibor (Autor)
Médium: E-kniha
Jazyk:Czech
Vydáno: Praha : E-knihy jedou, 2026
Tagy:
Žádné tagy
LEADER 01604nam a22002297i 4500
001 304685
007 ta
008 260528s2026 xr ||||| |||| 00| 0 cze d
020 |a 9990004274365 
044 |a xr 
100 1 |a  Kučera, Dalibor  |4 aut 
245 1 0 |a Stopy /  |c  Kučera, Dalibor 
264 1 |a Praha :  |b E-knihy jedou,  |c 2026 
300 |a 1 online zdroj (667 stran) 
336 |a text  |b txt  |2 rdacontent 
337 |a bez média  |b n  |2 rdamedia 
338 |a online zdroj  |b cr  |2 rdacarrier 
520 2 |a Jak by dopadlo setkání lidstva s jinou civilizací? Může virtuální realita nahradit skutečnou? Návštěva léty opuštěného domu se může stát hororovým zážitkem, v němž jde o život. Existuje spojení s jinými světy? Jak bychom si vedli, kdybychom se v čase vrátili o mnoho let zpět? Jak se dá přežít v postapokalyptickém světě, v němž zmizí všechna civilizační pravidla? Drsný střet s válečnou realitou, v němž každý okamžik může být tím posledním. A jak si poradí pohádkové bytosti ve středu s aktuální realitou? Soubor 33 příběhů z fiktivních světů, které jsou nám vzdáleny, ale zároveň blízké. 
910 |a RBIT002 
998 |d 427436  |a https://core.palmknihy.cz/api/books/427436/cover?tfnnl6  |b https://core.palmknihy.cz/api/books/427436/cover/400?tfnnl6  |c https://core.palmknihy.cz/api/books/427436/cover/50?tfnnl6  |e   |g 667  |i 9990004274365  |j https://core.palmknihy.cz/api/books/427436/preview.epub  |k https://core.palmknihy.cz/api/books/427436/preview.pdf  |l   |q 49  |r 1  |s https://www.palmknihy.cz/kniha/427436  |t ebook  |y 2026  |z 1 
999 |d 304683